| 000 | 00664nam a22002057a 4500 | ||
|---|---|---|---|
| 999 |
_c10784 _d10784 |
||
| 003 | AR-CdUCM | ||
| 008 | 190402b ||||| |||| 00| 0 spa d | ||
| 040 |
_aMUNICIPALIDAD PROVINCIAL DEL CUSCO _cBIBLIOTECA MUNICIPAL DEL CUSCO |
||
| 082 |
_aES / 030 / _bL85 |
||
| 100 |
_aLombay, Victor _927804 |
||
| 245 | _aEl carpintero joven / | ||
| 260 |
_aMadrid, _bSantillana, _bEnciclopedia de las aficiones, _c1963. |
||
| 300 |
_a93 paginas ; _bilusraciones, graficos, dibujos, _c20 cm. |
||
| 500 | _aMnualidades en carpinteria | ||
| 650 |
_aCarpinteria _920167 |
||
| 650 |
_aManualidades _915530 |
||
| 650 |
_aFunciones _920052 |
||
| 942 |
_2ddc _cLIBROS |
||
| 945 | _apjha | ||